Statistics for Country Flags in Nature

Click here to take the quiz!

General Stats

  • This quiz has been taken 110 times
  • The average score is 6 of 7

Answer Stats

Answer% Correct
USA
93%
Russia
90%
Ukraine
89%
Estonia
82%
Bulgaria
77%
Lithuania
74%
Colombia
65%

Score Distribution

Percentile by Number Answered

Percent of People with Each Score

Your Score History

You have not taken this quiz